000 00806nam a22002417a 4500
005 20170124110055.0
010 _aA-412643
020 _c00.00
_a0385263910
035 _aA-412643
037 _bCen Lib/Ret
040 _aDPL
_bEN
082 _a649.1
_bMUS
100 _aMuscari, Ann
_926309
245 _aChild acre that works :
_cby Ann Muscari [and] Wend Warsell Morrone
_bhow families can sahre their lives with child care and thrive /
260 _aNew York
_bDoubleday
_c1989
270 _bNew York
_a666 fifth avenue doubliday
300 _a256p.
_c21cm(Hb)
500 _aIncludes index
650 _aChild care
_zUnited state
_926310
650 _aChild development
_zUnited state
_926311
700 _926257
_aMorrone, Wenda Wardell
942 _2ddc
_cEN
_h649.1
_mMUS
999 _c129417
_d129417